| 000 | 00482nam a2200169 a 4500 | ||
|---|---|---|---|
| 001 | 1416 | ||
| 003 | CDMR | ||
| 005 | 20130308123416.0 | ||
| 008 | 130130s2003||||||||||||||||||||||||||||d | ||
| 020 | _a2908830906 | ||
| 040 |
_aCDMR _bcat _cCDMR |
||
| 100 | 1 |
_91081 _aNewton, Helmut |
|
| 245 | 1 | 0 |
_aHelmut Newton _b: for press freedom : pour la liberté de la presse |
| 260 |
_c2003 _bReporters Sans Frontières _a[Paris] |
||
| 490 |
_aPour la liberté de la presse _v16 |
||
| 942 |
_cMON _2udc |
||
| 999 |
_c1416 _d1416 |
||